Roman art / (Record no. 23782)

000 -LEADER
fixed length control field 01964cam a2200421 a 4500
001 - CONTROL NUMBER
control field 13648792
003 - CONTROL NUMBER IDENTIFIER
control field OSt
005 - DATE AND TIME OF LATEST TRANSACTION
control field 20170127101239.0
008 - FIXED-LENGTH DATA ELEMENTS--GENERAL INFORMATION
fixed length control field 040708s2004 enkaf b 001 0 eng d
010 ## - LIBRARY OF CONGRESS CONTROL NUMBER
LC control number 2004301312
020 ## - INTERNATIONAL STANDARD BOOK NUMBER
International Standard Book Number 0198520816 (pbk.)
035 ## - SYSTEM CONTROL NUMBER
System control number (OCoLC)ocm54991017
040 ## - CATALOGING SOURCE
Original cataloging agency EQO
Transcribing agency EQO
Modifying agency SNN
-- IBS
-- OCLCQ
-- DLC
042 ## - AUTHENTICATION CODE
Authentication code lccopycat
043 ## - GEOGRAPHIC AREA CODE
Geographic area code e------
-- e-it---
050 00 - LIBRARY OF CONGRESS CALL NUMBER
Classification number N5760
Item number .S66 2004
082 00 - DEWEY DECIMAL CLASSIFICATION NUMBER
Classification number 709/.37
Edition number 22
100 1# - MAIN ENTRY--PERSONAL NAME
Personal name Stewart, Peter,
Dates associated with a name 1971-
245 10 - TITLE STATEMENT
Title Roman art /
Statement of responsibility, etc. by Peter Stewart.
260 ## - PUBLICATION, DISTRIBUTION, ETC. (IMPRINT)
Place of publication, distribution, etc. Oxford [England] ;
-- New York :
Name of publisher, distributor, etc. Published for the Classical Association [by] Oxford University Press,
Date of publication, distribution, etc. 2004.
300 ## - PHYSICAL DESCRIPTION
Extent viii, 155 p., [8] p. of plates :
Other physical details ill. (some col.) ;
Dimensions 24 cm.
440 #0 - SERIES STATEMENT/ADDED ENTRY--TITLE
Title Greece & Rome.
Name of part/section of a work New surveys in the classics ;
Volume/sequential designation no. 34
504 ## - BIBLIOGRAPHY, ETC. NOTE
Bibliography, etc Includes bibliographical references (p. [132]-150) and index.
505 0# - FORMATTED CONTENTS NOTE
Formatted contents note Portraits -- Public monuments -- Funerary art -- Domestic art I : painting -- Domestic art II : mosaics and sculptures -- Later Roman art.
650 #0 - SUBJECT ADDED ENTRY--TOPICAL TERM
Topical term or geographic name as entry element Art, Roman.
650 #0 - SUBJECT ADDED ENTRY--TOPICAL TERM
Topical term or geographic name as entry element Art, Classical.
650 #0 - SUBJECT ADDED ENTRY--TOPICAL TERM
Topical term or geographic name as entry element Art patronage
Geographic subdivision Rome.
650 #0 - SUBJECT ADDED ENTRY--TOPICAL TERM
Topical term or geographic name as entry element Civilization, Classical.
651 #0 - SUBJECT ADDED ENTRY--GEOGRAPHIC NAME
Geographic name Rome
General subdivision Antiquities.
651 #0 - SUBJECT ADDED ENTRY--GEOGRAPHIC NAME
Geographic name Rome
General subdivision Cultural policy.
651 #0 - SUBJECT ADDED ENTRY--GEOGRAPHIC NAME
Geographic name Italy
General subdivision Antiquities, Roman.
710 2# - ADDED ENTRY--CORPORATE NAME
Corporate name or jurisdiction name as entry element Classical Association (Great Britain)
856 42 - ELECTRONIC LOCATION AND ACCESS
Materials specified Publisher description
Uniform Resource Identifier <a href="http://www.loc.gov/catdir/enhancements/fy0620/2004301312-d.html">http://www.loc.gov/catdir/enhancements/fy0620/2004301312-d.html</a>
856 41 - ELECTRONIC LOCATION AND ACCESS
Materials specified Table of contents only
Uniform Resource Identifier <a href="http://www.loc.gov/catdir/enhancements/fy0620/2004301312-t.html">http://www.loc.gov/catdir/enhancements/fy0620/2004301312-t.html</a>
856 42 - ELECTRONIC LOCATION AND ACCESS
Materials specified Contributor biographical information
Uniform Resource Identifier <a href="http://www.loc.gov/catdir/enhancements/fy0724/2004301312-b.html">http://www.loc.gov/catdir/enhancements/fy0724/2004301312-b.html</a>
906 ## - LOCAL DATA ELEMENT F, LDF (RLIN)
a 7
b cbc
c copycat
d 2
e ncip
f 20
g y-gencatlg
942 ## - ADDED ENTRY ELEMENTS (KOHA)
Source of classification or shelving scheme
Koha item type Hard Covered Materials
Classification part N 5760 .S66 2004
Holdings
Withdrawn status Lost status Source of classification or shelving scheme Damaged status Not for loan Home library Current library Shelving location Date acquired Source of acquisition Total Checkouts Full call number Barcode Date last seen Price effective from Koha item type
          MACHAKOS UNIVERSITY LIBRARY MACHAKOS UNIVERSITY LIBRARY Technical section 27/01/2017 Donation (BFA)   N 5760 .S66 2004 32417 06/07/2018 27/01/2017 Hard Covered Materials
© Machakos University Library, Along The Highway, Machakos Wote Rd, Machakos, Kenya P.O. Box 136 - 90100 Machakos - Kenya

Tel: ( +254 ) 723 805829 OR Fax : 044-20353 OR Email: library@mksu.ac.ke